تحميل...
Thomas Hardy : the frames of tragedy
| المؤلف الرئيسي: | |
|---|---|
| التنسيق: | Printed Book |
| اللغة: | English |
| منشور في: |
New York :
Macmillan ,
c1975.
|
| LEADER | 00484nam a22001457a 4500 | ||
|---|---|---|---|
| 008 | 170216b xxu||||| |||| 00| 0 eng d | ||
| 020 | |a 333189426 | ||
| 082 | |a 823.8 KRA/T | ||
| 100 | |a Kramer, Dale | ||
| 245 | |a Thomas Hardy : |b the frames of tragedy | ||
| 260 | |a New York : |b Macmillan , |c c1975. | ||
| 300 | |b 190p. | ||
| 942 | |c BK | ||
| 999 | |c 196015 |d 196015 | ||
| 952 | |0 0 |1 0 |4 0 |6 823_800000000000000_KRA_T |7 0 |9 216597 |a ENG |b ENG |c ST1 |d 2017-02-16 |i 9784 |l 0 |o 823.8 KRA/T |p ENG9784 |r 2017-02-16 |w 2017-02-16 |y BK | ||